<?xml version="1.0" encoding="UTF-8"?>
<collection xmlns="http://www.loc.gov/MARC21/slim">
 <record>
  <leader>03936ntm a22004937i 4500</leader>
  <controlfield tag="001">000311855</controlfield>
  <controlfield tag="003">CZ-PrVSE</controlfield>
  <controlfield tag="005">20160917102307.0</controlfield>
  <controlfield tag="006">m        d</controlfield>
  <controlfield tag="007">cr n||||||||||</controlfield>
  <controlfield tag="008">160917s2016    xr     fsbm   000 0 cze d</controlfield>
  <datafield tag="STA" ind1=" " ind2=" ">
   <subfield code="a">NEZPRACOVANÝ IMPORT</subfield>
  </datafield>
  <datafield tag="040" ind1=" " ind2=" ">
   <subfield code="a">ABA006</subfield>
   <subfield code="b">cze</subfield>
   <subfield code="c">ABA006</subfield>
   <subfield code="d">ABA006</subfield>
   <subfield code="e">rda</subfield>
  </datafield>
  <datafield tag="100" ind1="1" ind2=" ">
   <subfield code="a">Vérosta, Denis</subfield>
   <subfield code="%">ISIS:107546</subfield>
   <subfield code="4">dis</subfield>
  </datafield>
  <datafield tag="242" ind1="1" ind2="0">
   <subfield code="a">Comparison of the Impact of Education on Economic Growth in Subregions of Europe</subfield>
   <subfield code="y">eng</subfield>
  </datafield>
  <datafield tag="245" ind1="1" ind2="0">
   <subfield code="a">Komparace vlivu vzdělání na ekonomický růst v sub-regionech Evropy /</subfield>
   <subfield code="c">Denis Vérosta</subfield>
  </datafield>
  <datafield tag="264" ind1=" " ind2="0">
   <subfield code="c">2016</subfield>
  </datafield>
  <datafield tag="300" ind1=" " ind2=" ">
   <subfield code="a">?? s. :</subfield>
   <subfield code="3">digital, PDF soubor</subfield>
  </datafield>
  <datafield tag="500" ind1=" " ind2=" ">
   <subfield code="a">Vedoucí práce: Helena Chytilová</subfield>
  </datafield>
  <datafield tag="502" ind1=" " ind2=" ">
   <subfield code="a">Bakalářská práce (Bc.)—Vysoká škola ekonomická v Praze. Národohospodářská fakulta, 2016</subfield>
  </datafield>
  <datafield tag="504" ind1=" " ind2=" ">
   <subfield code="a">Obsahuje bibliografii</subfield>
  </datafield>
  <datafield tag="516" ind1=" " ind2=" ">
   <subfield code="a">Textový (vysokoškolská kvalifikační práce)</subfield>
  </datafield>
  <datafield tag="518" ind1=" " ind2=" ">
   <subfield code="a">Rok obhajoby 2016</subfield>
  </datafield>
  <datafield tag="520" ind1="3" ind2=" ">
   <subfield code="a">Bakalářská práce zkoumá vliv investic do lidského kapitálu v podobě školního vzdělání na ekonomický růst. Hlavním cílem je ověření hypotézy o očekávaném pozitivním vlivu dodatečného školního vzdělání na ekonomický růst mezi subregiony Evropy a dále, že tento vliv bude větší na území subregionů severní a západní Evropy. Za účelem zkoumání tohoto vlivu jsou představeny teorie lidského kapitálu a ekonomického růstu, včetně teoretického modelu vytvořeného autorem pro účely této práce. Pro ověření vlivu dodatečného školního vzdělání na ekonomický růst na datech je využit ekonometrický model vyjadřující reálné HDP na pracovníka v závislosti na zásobě fyzického kapitálu na pracovníka a průměrné délce školního vzdělání. Dataset využitý k výzkumu zahrnuje pozorování pro 34 evropských států mezi lety 1955 až 2010 v pětiletých intervalech. Pomocí metod OLS a TSLS je modelováno dohromady 10 regresí, 2 pro ucelený dataset dohromady a 2 pro každý subregion separátně, za účelem možné komparace. Výsledky regrese pro celý dataset potvrzují hypotézu o očekávaném pozitivním vlivu dodatečného školního vzdělání na společném území evropských subregionů, to je v souladu s teorií lidského kapitálu, teoretickým modelem ekonomického růstu i s předchozí empirickou literaturou (Bassanini a Scarpetta 2001, Soto 2009, Barro a Lee 2013). Výsledky separátních regresí dále naznačují, že variabilita tohoto vlivu je silně spjata s kvalitou školní výuky, která je vyšší ve vyspělejších státech severní a západní Evropy, u kterých byl pozitivní vliv dodatečného vzdělání na růst HDP na pracovníka prokázán i separátně. Zjištění této heterogenity je rovněž v souladu s výsledky předchozích studií (Soto 2009, Hanushek a Woessmann 2012), kde se kvalita školního vzdělání v souvislosti s</subfield>
  </datafield>
  <datafield tag="538" ind1=" " ind2=" ">
   <subfield code="a">Způsob přístupu: Internet</subfield>
  </datafield>
  <datafield tag="653" ind1="0" ind2=" ">
   <subfield code="a">ekonomie [obor bakal. práce]</subfield>
  </datafield>
  <datafield tag="655" ind1=" " ind2="7">
   <subfield code="a">bakalářské práce</subfield>
   <subfield code="7">fd132403</subfield>
   <subfield code="2">czenas</subfield>
  </datafield>
  <datafield tag="655" ind1=" " ind2="9">
   <subfield code="a">bachelor's theses</subfield>
   <subfield code="2">eczenas</subfield>
  </datafield>
  <datafield tag="690" ind1=" " ind2=" ">
   <subfield code="a">lidský kapitál</subfield>
  </datafield>
  <datafield tag="690" ind1=" " ind2=" ">
   <subfield code="a">ekonomický růst</subfield>
  </datafield>
  <datafield tag="690" ind1=" " ind2=" ">
   <subfield code="a">průměrné školní vzdělání</subfield>
  </datafield>
  <datafield tag="700" ind1="1" ind2=" ">
   <subfield code="a">Chytilová, Helena</subfield>
   <subfield code="7">ntk2018979754</subfield>
   <subfield code="4">ths</subfield>
  </datafield>
  <datafield tag="700" ind1="1" ind2=" ">
   <subfield code="a">Babin, Ján,</subfield>
   <subfield code="d">1954-</subfield>
   <subfield code="7">mzk2009535067</subfield>
   <subfield code="4">opn</subfield>
  </datafield>
  <datafield tag="710" ind1="2" ind2=" ">
   <subfield code="a">Vysoká škola ekonomická v Praze.</subfield>
   <subfield code="b">Národohospodářská fakulta</subfield>
   <subfield code="7">kn20010709401</subfield>
   <subfield code="4">dgg</subfield>
  </datafield>
  <datafield tag="856" ind1="4" ind2="0">
   <subfield code="u">https://insis.vse.cz/zp/56392/podrobnosti</subfield>
   <subfield code="y">VŠKP v InSIS</subfield>
  </datafield>
  <datafield tag="856" ind1="4" ind2="0">
   <subfield code="u">https://insis.vse.cz/zp/56392</subfield>
   <subfield code="y">Hlavní práce</subfield>
  </datafield>
  <datafield tag="856" ind1="4" ind2="0">
   <subfield code="u">https://insis.vse.cz/zp/56392/posudek/vedouci</subfield>
   <subfield code="y">Hodnocení vedoucího</subfield>
  </datafield>
  <datafield tag="856" ind1="4" ind2="0">
   <subfield code="u">https://insis.vse.cz/zp/56392/posudek/oponent/49225</subfield>
   <subfield code="y">Oponentura</subfield>
  </datafield>
  <datafield tag="999" ind1="4" ind2="0">
   <subfield code="u">https://insis.vse.cz/zp/56392/podrobnosti</subfield>
   <subfield code="y">dc:identifier</subfield>
  </datafield>
  <datafield tag="993" ind1=" " ind2=" ">
   <subfield code="x">NEPOSILAT</subfield>
   <subfield code="y">VSKP</subfield>
  </datafield>
  <datafield tag="999" ind1="4" ind2="9">
   <subfield code="a">vse56392</subfield>
   <subfield code="b">160915</subfield>
  </datafield>
  <datafield tag="999" ind1="4" ind2="5">
   <subfield code="x">56392</subfield>
  </datafield>
 </record>
</collection>
